Biện pháp quản lý công tác bồi dưỡng tổ trưởng chuyên môn trường Tiểu học tại Q. Hải Châu TP. Đà Nẵng

Cơ sở lý luận của công tác quản lý bồi dưỡng tổ trưởng chuyên môn trường Tiểu học. Thực trạng công tác quản lý bồi dưỡng tổ trưởng chuyên môn trường Tiểu học tại Q. Hải Châu TP. Đà Nẵng. Biện pháp quản lý công tác bồi dưỡng tổ trưởng chuyên môn trường Tiểu học tại Q. Hải Châu TP. Đà Nẵng...

Mô tả đầy đủ

Đã lưu trong:
Chi tiết về thư mục
Tác giả chính: Phan, Thị Thu Lan
Tác giả khác: Lê, Quang Sơn PGS.TS (Hướng dẫn)
Định dạng: Sách
Ngôn ngữ:Vietnamese
Được phát hành: Đà Nẵng Đại học Đà Nẵng 2012
Loạt:Luận văn thạc sĩ Giáo dục học . Chuyên ngành: Quản lý giáo dục
Những chủ đề:
Các nhãn: Thêm thẻ
Không có thẻ, Là người đầu tiên thẻ bản ghi này!
Thư viện lưu trữ: Mạng thư viện Đại học Đà Nẵng
LEADER 01713nam a2200337 4500
001 000012676
003 8984
005 20120224100227.0
008 120224s2012 viesd
041 |a vie 
072 |a Khóa luận tốt nghiệp 
082 |a 372.1  |b PH-L 
100 |a Phan, Thị Thu Lan 
245 |a Biện pháp quản lý công tác bồi dưỡng tổ trưởng chuyên môn trường Tiểu học tại Q. Hải Châu TP. Đà Nẵng  |c Phan, Thị Thu Lan 
260 |a Đà Nẵng  |b Đại học Đà Nẵng  |c 2012 
300 |a 108 tr.  |c 29 cm  |e tóm tắt + đia CD 
490 |a Luận văn thạc sĩ Giáo dục học . Chuyên ngành: Quản lý giáo dục 
500 |a Tham khảo + phụ lục [10 tr.] 
520 |a Cơ sở lý luận của công tác quản lý bồi dưỡng tổ trưởng chuyên môn trường Tiểu học. Thực trạng công tác quản lý bồi dưỡng tổ trưởng chuyên môn trường Tiểu học tại Q. Hải Châu TP. Đà Nẵng. Biện pháp quản lý công tác bồi dưỡng tổ trưởng chuyên môn trường Tiểu học tại Q. Hải Châu TP. Đà Nẵng 
653 |a Luận văn thạc sí 
700 |a Lê, Quang Sơn  |c PGS.TS  |e Hướng dẫn 
OWN |a LSP 
AVA |a UDN50  |b LSP  |d 372.1 PH-L  |e available  |t Error 5001 Not defined in file expand_doc_bib_avail.  |f 1  |g 0  |h N  |i 0  |k 1 
999 |a From the UDN01 
AVA |a UDN50  |b LSP  |d 372.1 PH-L  |e available  |t Error 5001 Not defined in file expand_doc_bib_avail.  |f 1  |g 0  |h N  |i 0  |k 1 
TYP |a Monograph 
TYP |a Printed language 
980 |a Mạng thư viện Đại học Đà Nẵng